000 01600cam a2200373 i 4500
999 _c478365
_d478365
001 18085525
003 NUST
005 20180523061231.0
008 140328t20152015nju b 001 0 eng
010 _a 2014007305
020 _a9781118721407 (cloth)
020 _a1118721403 (cloth)
038 _aSNS Library
040 _aDLC
_beng
_cDLC
_erda
_dDLC
042 _apcc
050 0 0 _aQA387
_b.A77 2015
082 0 0 _a515.353
_223
100 1 _aArrigo, Daniel J.
_q(Daniel Joseph),
_d1960-
_910475
245 1 0 _aSymmetry analysis of differential equations :
_ban introduction /
_cDaniel J. Arrigo, Department of Mathematics, University of Central Arkansas, Conway, AR.
264 1 _aHoboken, New Jersey :
_bWiley,
_c[2015]
300 _axiii, 176 pages ;
_c25 cm
336 _atext
_2rdacontent
337 _aunmediated
_2rdamedia
338 _avolume
_2rdacarrier
504 _aIncludes bibliographical references (pages 171-174) and index.
650 0 _aLie groups
_vTextbooks.
_910476
650 0 _aLie groups
_xStudy and teaching (Higher)
_910477
650 0 _aLie groups
_xStudy and teaching (Graduate)
_910478
650 0 _aDifferential equations, Partial
_vTextbooks.
_910479
776 0 8 _iOnline version:
_aArrigo, Daniel J. (Daniel Joseph), 1960-
_tSymmetry analysis of differential equations
_dHoboken, New Jersey : John Wiley & Sons, Inc., [2014]
_z9781118721445
_w(DLC) 2014012733
906 _a7
_bcbc
_corignew
_d1
_eecip
_f20
_gy-gencatlg
942 _2ddc
_cBK